zpět

Detail výsledku týmu

Luka bar, Praha

Datum a čas kvízu

40.5 Celkem bodů Celkový počet nahraných bodů na tomto kvízu bez doplňovacích otázek.
1. Pořadí na kvízu Konečné umístění týmu na tomto kvízu.

Zaznamenané odpovědi

# Otázka Odpověď Body Výsledky
1. Loni si do nařízení Evropské u... mandlovice 1
2. Dvanáctiletý londýnský kocour... lehl si pod prezidentskou limuzínu 1
3. Minulý týden se vrátil do kin... Hana Brejchová 1
4. V pondělí skončil po osmnácti... iTunes 1
5. Jak se jmenují dvě finalistky... Ashleigh Bartyová, Markéta Vondroušová 1
6. Na každé písmeno abecedy exist... geologie 1
5. Jaký je název lékařského oboru... geriatrie 1
8. Uveďte název nauky o určování... geochronologie 0
5. Nyní se zeptáme na název oboru... genologie 0
5. Jak se nazývá nauka o vztahu k... gastronomie 0